000
00249nam a22001097a 4500
001
22604
005
20260402100138.0
008
260402b |||||||| |||| 00| 0 eng d
040
_b
NemĨina
245
_a
Lewis Wallace - Ben hur
942
_2
ddc
_c
KLDO
_n
0
999
_c
22604
_d
22604